000 00626nam a2200217 u 4500
005 20230106063528.0
008 160606s2005 mx r 000 0 spa d
020 _a9789702007623
035 _aUPN01000211159
049 _aI
050 4 _aQ163
_bM8.5
100 1 _aMugford, Simon
_938837
245 1 0 _aMi gran libro de la ciencia /
_cSimon Mugford.
260 _aMéxico :
_bCastillo,
_c2005.
300 _a79 p. :
_bil. col.
534 _pTitulo original:
_tMy big science book
650 2 _aCiencia
_vLiteratura infantil
_911354
650 4 _aEXPERIMENTOS EDUCATIVOS
_95899
905 _aInfantil
999 _c183260
_d183260